Pluralism : (Record no. 1421)

MARC details
000 -LEADER
fixed length control field 01573cam a2200469 a 4500
001 - CONTROL NUMBER
control field 238611
003 - CONTROL NUMBER IDENTIFIER
control field GBCCL
005 - DATE AND TIME OF LATEST TRANSACTION
control field 20241126110401.0
008 - FIXED-LENGTH DATA ELEMENTS--GENERAL INFORMATION
fixed length control field 940708s1993 be b 001 0 eng d
010 ## -
-- 94181118
016 7# -
-- B9308655
-- bccb
020 ## - INTERNATIONAL STANDARD BOOK NUMBER
International Standard Book Number 9068314688
020 ## - INTERNATIONAL STANDARD BOOK NUMBER
International Standard Book Number 9789068314687
035 ## - SYSTEM CONTROL NUMBER
System control number (OCoLC)ocm28159684
035 ## - SYSTEM CONTROL NUMBER
System control number (OCoLC)28159684
040 ## - CATALOGING SOURCE
Original cataloging agency MH
Language of cataloging eng
Transcribing agency DLC
Modifying agency OCLCQ
-- NLGGC
-- BTCTA
-- YDXCP
-- OCLCG
-- U9S
-- GEBAY
-- OCLCO
042 ## -
-- lccopycat
049 ## -
-- LBBT
050 00 -
-- BR127
-- .G52 1993
082 04 - DEWEY DECIMAL CLASSIFICATION NUMBER
Classification number 261.2
Item number GIL
084 ## - OTHER CLASSIFICATION NUMBER
Classification number 11.07
Number source bcl
090 ## - LOCALLY ASSIGNED LC-TYPE CALL NUMBER (OCLC); LOCAL CALL NUMBER (RLIN)
Classification number (OCLC) (R) ; Classification number, CALL (RLIN) (NR) BR127
Local cutter number (OCLC) ; Book number/undivided call number, CALL (RLIN) .G52 1993
100 1# - MAIN ENTRY--PERSONAL NAME
Personal name Gillis, Chester,
Dates associated with a name 1951-
9 (RLIN) 2822
245 10 - TITLE STATEMENT
Title Pluralism :
Remainder of title a new paradigm for theology /
Statement of responsibility, etc. Chester Gillis.
260 ## - PUBLICATION, DISTRIBUTION, ETC.
Place of publication, distribution, etc. Louvain :
Name of publisher, distributor, etc. Peeters Press :
-- W.B. Eerdmans,
Date of publication, distribution, etc. 1998
300 ## - PHYSICAL DESCRIPTION
Extent 192 p. ;
Dimensions 21 cm.
490 1# - SERIES STATEMENT
Series statement Louvain theological & pastoral monographs ;
Volume/sequential designation 12
504 ## - BIBLIOGRAPHY, ETC. NOTE
Bibliography, etc. note Includes bibliographical references and indexes.
650 #0 - SUBJECT ADDED ENTRY--TOPICAL TERM
Topical term or geographic name entry element Christianity and other religions.
9 (RLIN) 12
650 #0 - SUBJECT ADDED ENTRY--TOPICAL TERM
Topical term or geographic name entry element Theology.
9 (RLIN) 631
650 #0 - SUBJECT ADDED ENTRY--TOPICAL TERM
Topical term or geographic name entry element Religious pluralism
General subdivision Christianity.
9 (RLIN) 2426
650 17 - SUBJECT ADDED ENTRY--TOPICAL TERM
Topical term or geographic name entry element Plurale samenleving.
Source of heading or term gtt
9 (RLIN) 2823
650 17 - SUBJECT ADDED ENTRY--TOPICAL TERM
Topical term or geographic name entry element Theologie van de godsdiensten.
Source of heading or term gtt
9 (RLIN) 2824
650 #6 - SUBJECT ADDED ENTRY--TOPICAL TERM
Topical term or geographic name entry element Christianisme
General subdivision Relations.
9 (RLIN) 2825
650 #6 - SUBJECT ADDED ENTRY--TOPICAL TERM
Topical term or geographic name entry element Th�eologie.
9 (RLIN) 2826
650 #6 - SUBJECT ADDED ENTRY--TOPICAL TERM
Topical term or geographic name entry element Pluralisme religieux
General subdivision Christianisme.
9 (RLIN) 2827
650 07 - SUBJECT ADDED ENTRY--TOPICAL TERM
Topical term or geographic name entry element Pluralismus
Source of heading or term swd
9 (RLIN) 2828
650 07 - SUBJECT ADDED ENTRY--TOPICAL TERM
Topical term or geographic name entry element Theologie
Source of heading or term swd
9 (RLIN) 2829
650 07 - SUBJECT ADDED ENTRY--TOPICAL TERM
Topical term or geographic name entry element Nichtchristliche Religion
Source of heading or term swd
9 (RLIN) 2830
830 #0 -
-- Louvain theological & pastoral monographs ;
-- 12.
-- 2831
942 ## - ADDED ENTRY ELEMENTS (KOHA)
Source of classification or shelving scheme Dewey Decimal Classification
Koha item type Books
Koha issues (borrowed), all copies 1
Holdings
Withdrawn status Lost status Source of classification or shelving scheme Damaged status Not for loan Home library Current Library Shelving location Date acquired Total checkouts Full call number Barcode Date last seen Date last checked out Copy number Price effective from Koha item type
    Dewey Decimal Classification     GRACE BIBLE COLLEGE GRACE BIBLE COLLEGE Ministry & Mission 2017-04-28 1 261.2 GIL 009981 2025-05-01 2023-10-12 c.1 2017-04-28 Books
© Grace Bible College Library 2025